000 00304nam a22001337a 4500
008 170928b xxu||||| |||| 00| 0 eng d
020 _a9780131908093
041 _aeng
080 _a37
100 _a47
101 _aEDU
245 _aDAILY LANGUAGE PRACTICE TRANSPARENCIES
_cPEARSON
942 _2udc
_cBK
999 _c30560
_d30560